| 000 | 00458nam a2200157Ia 4500 | ||
|---|---|---|---|
| 999 |
_c563 _d563 |
||
| 020 | _a81-7002-026-3 | ||
| 082 | _aRR 921 THI; | ||
| 245 | 0 | _aThinkers of the 20th century: a biographical, bibliographical and critical dictionary | |
| 260 |
_aNew Delhi _bHimalayan Books _c1987 |
||
| 300 | _a643p. | ||
| 504 | _aRef. books | ||
| 650 | _aBiography - Directories | ||
| 650 | _aPhilosophers - Biography - 20th century | ||
| 700 | _aDevine, Elizabeth | ||
| 942 | _cBK | ||